Mirarse de frente /

Bibliographic Details
Main Author: Gornick, Vivian (Author)
Other Authors: Osuna Aguilar, Julia (Translator)
Format: Electronic eBook
Language:Spanish
English
Published: Madrid, España : Sexto Piso, 2019.
Edition:Primera edición.
Series:Narrativa Sexto Piso.
Subjects:
Online Access:Digitalia Hispánica

MARC

LEADER 00000nam a2200000Ii 4500
001 DIGSEXPIS0084
003 NyNyDIG
006 m o d
007 cr |||||||||||
008 230610s2019 sp o 000 0aspa d
035 |a (OCoLC)1382358341 
040 |a DGITA  |b eng  |e rda  |e pn  |c DGITA 
020 |a 9788417517564  |q eBook 
020 |z 9788417517410 
041 1 |a spa  |h eng 
043 |a n-us-ny 
050 1 4 |a HQ1439.N6 ebook 
100 1 |a Gornick, Vivian,  |e author. 
240 1 0 |a Approaching eye level.  |l Spanish  |s (Osuna Aguilar) 
245 1 0 |a Mirarse de frente /  |c Vivian Gornick ; traducción de Julia Osuna Aguilar. 
250 |a Primera edición. 
264 1 |a Madrid, España :  |b Sexto Piso,  |c 2019. 
300 |a 1 online resource. 
336 |a text  |b txt  |2 rdacontent 
337 |a computer  |b c  |2 rdamedia 
338 |a online resource  |b cr  |2 rdacarrier 
347 |a text file  |2 rdaft 
347 |b EPUB 
490 1 |a Narrativa Sexto Piso  
588 0 |a Online resource; title from ePub title page (Digitalia, viewed June 10, 2023) 
600 1 0 |a Gornick, Vivian. 
650 0 |a Women  |z New York (State)  |z New York  |v Biography. 
655 7 |a Autobiographies.  |2 lcgft  
700 1 |a Osuna Aguilar, Julia,  |e translator.  
700 1 |i Translation of:  |a Gornick, Vivian.  |t Approaching eye level. 
791 2 |a Digitalia (Firm),  |e distributor. 
793 0 |g Digitalia eBook Collection:  |a Editorial Sexto Piso 
776 0 8 |i Print version:  |a Gornick, Vivian.  |s Approaching eye level. Spanish (Osuna Aguilar).  |t Mirarse de frente.  |b Primera edición.  |d Madrid, España : Sexto Piso, [2019]  |z 9788417517410 
830 0 |a Narrativa Sexto Piso. 
856 4 0 |3 Digitalia Hispánica  |u https://www.digitaliapublishing.com/a/81337/ 
910 |a Premium collection: 2023